| 000 | 03158nas1a22004571i 4500 | ||
|---|---|---|---|
| 001 | RU\NLR\INFOCOMM6\5000025142 | ||
| 005 | 20240723110350.0 | ||
| 035 | _a(NLR Aleph) 002388623 | ||
| 090 |
_a4623673 _c4623673 |
||
| 100 | _a20041223c1979 |||y0rusy50 ca | ||
| 101 | 0 | _arus | |
| 102 | _aRU | ||
| 110 | _aayuzz 0|y| | ||
| 200 | 1 |
_aУказатель отечественных нормативно-технических документов международных и иностранных стандартов _iСерия "Легкая промышленность" |
|
| 210 |
_aМ. _d1979-1983 |
||
| 225 | 1 |
_aБиблиографическая информация _fВНИИ техн. информ., классиф. и кодирования (ВНИИКИ) |
|
| 300 | _aВ надзаг. также: Гос. ком. СССР по стандартам | ||
| 311 | _aС 1986 объединилось с: Пищевая промышленность (шифр: Пт П-1/137) и выходит под загл.: Легкое и пищевое машиностроение (шифр: Пт П-1/179) | ||
| 440 | 0 |
_12001#$aЛегкое и пищевое машиностроение _1852##$aNLR$bПт$jП-1/179 _tЛегкое и пищевое машиностроение |
|
| 712 | 0 | 2 |
_aВНИИ технической информации, классификации и кодирования _4570 |
| 801 | 1 |
_aRU _bInfoComm _c20041223 |
|
| 801 | 0 |
_aRU _bNLR _gPSBO |
|
| 852 |
_aNLR _bПт _jП-1/144 |
||
| 942 | _cJOURNAL | ||
| 980 | _aRUSPER | ||